The management of strategy : concepts and cases/
Saved in:
| 主要作者: | |
|---|---|
| 其他作者: | , |
| 格式: | 图书 |
| 出版: |
South-Western:
Cengage Learning,
c2009
|
| 版: | 8h ed. |
| 主题: | |
| 标签: |
添加标签
没有标签, 成为第一个标记此记录!
|
MARC
| LEADER | 00000nam a22000007a 4500 | ||
|---|---|---|---|
| 005 | 20250925123903.0 | ||
| 020 | |a 9780324581270 |c TZS 72,000/= | ||
| 040 | |a MCCL |b eng. |e AACR 2nd rev. ed. | ||
| 082 | |a 658.4012 IRE | ||
| 100 | |a Ireland, R.Duane | ||
| 245 | |a The management of strategy : |b concepts and cases/ |c R. Duane Ireland, Robert E. Hoskisson, Michael A. Hitt | ||
| 250 | |a 8h ed. | ||
| 260 | |a South-Western: |b Cengage Learning, |c c2009 | ||
| 300 | |a xxvii, 315 [26 ]p.: |b ill.(chiefly color) ; |c 25cm | ||
| 504 | |a Includes bibliographic references and index | ||
| 546 | |a eng. | ||
| 650 | |a Strategic planning | ||
| 650 | |a Strategic management | ||
| 650 | |a Strategic planning Case studies | ||
| 700 | |a Hoskisson, Robert E. | ||
| 700 | |a Hitt,, Michael A. | ||
| 942 | |c BK | ||
| 999 | |c 11197 |d 11197 | ||